Normal view
MARC view
- Law, Contract, torts
Entry Topical Term
001 - CONTROL NUMBER
- control field: 128327
003 - CONTROL NUMBER IDENTIFIER
- control field: NUST
005 - DATE AND TIME OF LATEST TRANSACTION
- control field: 20250315160159.0
008 - FIXED-LENGTH DATA ELEMENTS
- fixed length control field: 250315|| aca||aabn | a|a d
040 ## - CATALOGING SOURCE
- Original cataloging agency: NUST
- Transcribing agency: NUST
150 ## - HEADING--TOPICAL TERM
- Topical term or geographic name entry element: Law, Contract, torts
670 ## - SOURCE DATA FOUND
- Source citation: Work cat.: (NUST): Devenney, James 128326, Contract, Tort and Restitution Statutes 2012-2013 /, 2017.
